| 000 | 00753nam a22002057a 4500 | ||
|---|---|---|---|
| 999 |
_c13446 _d13446 |
||
| 003 | AR-CdUCM | ||
| 008 | 190415b ||||| |||| 00| 0 spa d | ||
| 040 |
_aMUNICIPALIDAD PROVINCIAL DEL CUSCO _cBIBLIOTECA MUNICIPAL DEL CUSCO |
||
| 082 |
_a985.007 / _bR71 / 1955 |
||
| 100 |
_aRoel Pineda, Virgilio L _91860 |
||
| 245 | _aEl sendero de un pueblo / | ||
| 260 |
_aCuzco : _c1955. |
||
| 300 |
_a123 paginas ; _c20 cm. |
||
| 505 | _aContenido: El sendero de un pueblo --El imperio incaico --La Conquista --El Coloniaje --La revolución de la Independencia --La revolución de la Independencia --La República / | ||
| 650 |
_aPerú _935 |
||
| 650 |
_aHistoria _9136 |
||
| 650 |
_aEnseñanza _91616 |
||
| 942 |
_2ddc _cLIBROS |
||
| 945 |
_arjall _d2019_04-15 |
||